|
|
|
|
| LEADER |
00000nab a2200000 a 4500 |
| 001 |
vtls001516447 |
| 003 |
SK-MaSNL |
| 005 |
20260303210649.0 |
| 008 |
160322c2004 xo mr|p|||||||000 b|slo |
| 015 |
|
|
|a SNBRB2005/02
|
| 038 |
|
|
|a SNKBUCL
|
| 040 |
|
|
|a SNKBUCL
|b slo
|c SNKBUCL
|e AACR2
|
| 041 |
0 |
|
|a slo
|
| 044 |
|
|
|a xo
|c SK
|
| 080 |
|
|
|a 291.71
|2 UDC-MRF-SK2
|
| 080 |
|
|
|a 929 Roháček, Ján
|2 UDC-MRF-SK2
|
| 100 |
1 |
|
|a Hvožďava, M.
|4 aut
|9 1106959
|
| 245 |
1 |
0 |
|a Duchovný profil štyroch prvých spolupracovníkov v prebudeneckom hnutí sestier Royových
|c M. Hvožďava
|
| 600 |
1 |
7 |
|a Roháček, Ján
|d 1869-1939
|2 snkbucl
|9 1242687
|
| 650 |
0 |
7 |
|a národné obrodenie
|2 snkbucl
|9 3795
|
| 773 |
0 |
|
|t Cestou svetla
|g Roč. XV., č. 12 (2004), s. 9
|x 1335-647X
|
| 852 |
|
|
|a SNK
|b KIS3GCP
|
| 958 |
|
|
|a BX
|
| 999 |
|
|
|c 2201164
|d 2203094
|